000
00266nam a22001217a 4500
008
170530b xxu||||| |||| 00| 0 eng d
041
_a
eng
080
_a
94(7/8)
100
_a
16
101
_a
IM
245
_a
ELSAVADOR COUNTRY GUIDE
_c
BARRY.T
942
_2
udc
_c
BK
999
_c
14991
_d
14991